| 000 | 00696nam a22001697a 4500 | ||
|---|---|---|---|
| 003 | OSt | ||
| 005 | 20171010095439.0 | ||
| 008 | 120606t xxu||||| |||| 00| 0 eng d | ||
| 040 |
_aMMSU _cULS |
||
| 100 |
_aBallesteros, Jay-Arr L, Tumbaga, Lanie I., Malaqui, Joy Stephanie D. _910002 |
||
| 245 |
_aA Proposed E-library system for Mariano Marcos State University main library (books) _cJay-Arr L. Ballesteros, Lanie I. Tumbaga, Joy Stephanie D. Malaqui |
||
| 260 | _c2007 | ||
| 300 |
_axii, [132] leaves _c28 cm. |
||
| 500 | _aThesis (BS Computer Science) -- Mariano Marcos State University-College of Arts and Sciences, Batac City | ||
| 504 | _aBibliography: leaf 46 | ||
| 942 |
_2ddc _cTHEDIS |
||
| 999 |
_c9532 _d9532 |
||